Statistiken für Österreichische Bundesregierung Kurz l

Klicken Sie hier um das Quiz zu spielen!

Allgemein

  • Dieses Quiz wurde 43 mal gespielt
  • Das Durchschnittsergebnis liegt bei 9 aus 16

Antwortstatistiken

Antwort% Korrekt
Sebastian Kurz
100%
Heinz-Christian Strache
97%
Herbert Kickl
94%
Norbert Hofer
94%
Gernot Blümel
76%
Heinz Faßmann
76%
Elisabeth Köstinger
68%
Hartwig Löger
47%
Karin Kneissel
47%
Karoline Edtstadler
47%
Magarete Schramböck
38%
Mario Kunasek
29%
Beate Hartinger-Klein
21%
Josef Moser
15%
Juliane Bogner-Strauß
9%
Hubert Fuchs
6%

Verteilung der Resultate

Perzentil nach korrekt beantworteten Fragen

Anzahl Personen mit jedem Resultat

Ihre Resultats-Entwicklung

Sie haben dieses Quiz noch nicht gespielt